000 00518nam a2200169Ia 4500
003 GCL
005 20240530104225.0
008 140319s9999 xx 000 0 ara d
040 _aGCL /
_cGCL
082 0 4 _a962.04
_bق/م ن
100 1 _aمحمد مظهر سعيد
245 1 0 _aنحن والانجليز /
_cمحمد مظهر سعيد
300 _a213 ص ؛
_c22 سم
650 0 4 _aالاحتلال البريطانى
650 0 4 _aمصر - تاريخ - العصر الحديث (1805 - 1956 )
942 _2ddc
_cBK
999 _c45607
_d45607